000 01410 a2200229 4500
001 4207
005 20260407155432.0
008 260407a2011 arg spa d
003 AR-UNSa-BCEJYS
040 _aAR-UNSa-BCEJYS
_bspa
_cAR-UNSa-BCEJYS
080 _a347
_xDerecho Civil
245 1 0 _aDerecho civil
_pparte general
020 _a978-950-534-972-2
250 _a4a. ed.
264 1 _aBuenos Aires :
_bA-Z Editora
_c2011
300 _avii, 163 p.
_c22 cm.
505 _a1. Introducción y nociones generales - 2. Fuentes del derecho civil - 3. El Código Civil Argentino - 4. La interpretación de la ley - 5. Efectos de la ley con relación al territorio - 6. Efectos de la ley con relación al tiempo - 7. Los elementos de las relaciones jurídicas - 8. La persona - 9. Derechos y atributos de la personalidad - 10. El nombre - 11. El Estado - 12. Domicilio - 13. Capacidad - 14. Fin de la existencia de las personas físicas - 15. Personas jurídicas - 16. Patrimonio - 17. Bienes y cosas - 18. Hechos y actos jurídicos - 19. Forma de los actos jurídicos - 20. Vicios de los actos jurídicos - 21. Nulidad de los actos jurídicos - 22. Extinción de las relaciones jurídicas
942 _cBK
590 _aniveau_biblio:m niveau_hierar:0
100 1 _aRoitbarg, Marcelo R.
856 4 1 _uhttps://biblioeco.unsa.edu.ar/pmb/images/libros/Derecho Civil-l118365 (2).jpg
_yImagen de portada
_qimage/jpeg
999 _c400
_d400